Player with over 100 goals for Manchester United - Sudden Death - Statistics

General Stats
  • This quiz has been taken 228 times
  • The average score is 6 of 10
Answers on the Grid
Answers color-coded by a green-red scale on the quiz's grid according to % correct below.
Andy Cole
Anthony Martial
Cristiano Ronaldo
David Beckham
Dimitar Berbatov
Eric Cantona
George Best
Marcus Rashford
Nani
Ole Gunnar Solskjær
Paul Scholes
Robin van Persie
Roy Keane
Ruud van Nistelrooy
Ryan Giggs
Sir Bobby Charlton
Teddy Sheringham
Wayne Rooney
 
Answer Stats
Answer % Correct
253 Wayne Rooney
78%
145 Cristiano Ronaldo
70%
168 Ryan Giggs
65%
245 Sir Bobby Charlton
62%
179 George Best
55%
150 Ruud van Nistelrooy
54%
155 Paul Scholes
50%
138 Marcus Rashford
46%
121 Andy Cole
45%
126 Ole Gunnar Solskjær
32%
No matching quizzes found
Score Distribution
Percent of People with Each Score
Percentile by Number Answered
Your Score History
You have not taken this quiz